Klasifikácia konkrétnych finančných aktív s predčasným splatením v súlade s nariadením komisie (EÚ) č. 2018/498 s účinnosťou od 1. 1. 2019 a neskôr
Úprava klasifikácie konkrétnych finančných aktív s predčasným splatením podľa nariadenia Komisie (EÚ) č. 2018/498, ktorým sa v súlade s nariadením Európskeho parlamentu a Rady (ES) č. 1606/2002 prijímajú určité medzinárodné účtovné štandardy (IFRS 9 „Finančné nástroje“). Novela IFRS 9 a zmeny v obsa...
Enregistré dans:
| Auteur principal: | |
|---|---|
| Format: | Chapitre de livre |
| Langue: | slovaque |
| Sujets: | |
| Tags: |
Pas de tags, Soyez le premier à ajouter un tag!
|
MARC
| LEADER | 00000naa a2200000 4500 | ||
|---|---|---|---|
| 001 | 0271260 | ||
| 005 | 20240502074250.2 | ||
| 041 | 0 | |a slo | |
| 044 | |a SK | ||
| 245 | 1 | 0 | |a Klasifikácia konkrétnych finančných aktív s predčasným splatením v súlade s nariadením komisie (EÚ) č. 2018/498 s účinnosťou od 1. 1. 2019 a neskôr |
| 520 | |a Úprava klasifikácie konkrétnych finančných aktív s predčasným splatením podľa nariadenia Komisie (EÚ) č. 2018/498, ktorým sa v súlade s nariadením Európskeho parlamentu a Rady (ES) č. 1606/2002 prijímajú určité medzinárodné účtovné štandardy (IFRS 9 „Finančné nástroje“). Novela IFRS 9 a zmeny v obsahu predmetného štandardu. | ||
| 610 | 2 | 0 | |a účtovníctvo |
| 610 | 2 | 0 | |a štandardy účtovné medzinárodné |
| 610 | 2 | 0 | |a IFRS |
| 610 | 2 | 0 | |a novelizácia |
| 610 | 2 | 0 | |a závierka účtovná |
| 610 | 2 | 0 | |a jednotka účtovná |
| 610 | 2 | 0 | |a Európska únia |
| 100 | 1 | |a Mokošová, Daša, 1979- | |